Posledný let generála Štefánika /

Gespeichert in:
Bibliographische Detailangaben
1. Verfasser: Vároš, Milan (Verfasst von)
Format: Buch
Sprache:Tschechisch
Veröffentlicht: Bratislava : Obzor, 1991
Ausgabe:1.vyd.
Tags: Tag hinzufügen
Keine Tags, Fügen Sie das erste Tag hinzu!

MARC

LEADER 00000nam a22000003a 4500
001 stu771
005 20150617225618.9
008 911113s1991----cs------------------cze-d
020 |a 80-215-0149-9 
040 |a STU  |b slo 
041 0 |a cze 
044 |a cs 
080 |a 929 ›TEFNIK 
100 1 |a Vároš, Milan  |4 aut 
245 1 |a Posledný let generála Štefánika /  |c [aut.] Vároš,Milan 
250 |a 1.vyd. 
260 |a Bratislava :  |b Obzor,  |c 1991 
300 |a 191 s 
996 |b E75284  |c R*75284  |l RRUM  |s A  |a 24  |w stu771_0001